000 00416nam a2200181Ia 4500
001 5279
005 20260306145856.0
008 260306t2005||||xx |||||||||||||| ||spa||
041 _aESP
082 _a338.5
_bF81
100 _aFrank, Robert H.
_eAUT
245 0 _aMicroeconomĂ­a y conducta
260 _c2005
300 _a649 páginas :
_c25 cm.
650 _aGEN
654 _aCAN
942 _cLIB
_dJUS
_fJUS
_2ddc
_n
999 _c5279
_d5279